|
|
|
|
| LEADER |
01042nam a2200241 a 4500 |
| 001 |
4157111 |
| 008 |
091013s1978 dcu bs 000 0 eng d |
| 010 |
|
|
|a 78061153
|
| 040 |
|
|
|a DLC
|c DLC
|d DLC
|
| 082 |
0 |
0 |
|a 309.1/172/4
|
| 100 |
1 |
|
|a Grant, James P.
|
| 245 |
1 |
0 |
|a Disparity reduction rates in social indicators :
|b a proposal for measuring and targeting progress in meeting basic needs /
|c James P. Grant.
|
| 260 |
|
|
|a Washington :
|b Overseas Development Council,
|c 1978.
|
| 300 |
|
|
|a 76 p. ;
|c 23 cm.
|
| 490 |
1 |
|
|a Monograph - Overseas Development Council ; no. 11
|
| 504 |
|
|
|a Includes bibliographical references.
|
| 541 |
1 |
|
|e 00000128
|
| 650 |
|
0 |
|a Social indicators
|x Developing areas.
|
| 650 |
|
0 |
|a Basic needs
|x Developing areas.
|
| 830 |
|
0 |
|a Monograph (Overseas Development Council) ;
|v no. 11.
|
| 852 |
4 |
|
|a Ayesha Abed Library
|j General shelf
|
| 999 |
|
|
|c 4860
|d 4860
|
| 952 |
|
|
|0 0
|1 0
|2 ddc
|4 0
|6 309_117240000000000_GRA_1978
|7 0
|9 4740
|a BRACUL
|b BRACUL
|c GEN
|d 2009-10-28
|g 282.00
|l 0
|o 309.11724 GRA
|p 3010000128
|r 2012-12-05
|t 1
|v 564.00
|w 2009-10-28
|y BK
|